MICROSOFT EXCEL DATA ANALYSIS AND BUSINESS MODELING (Record no. 216407)
[ view plain ]
| 000 -LEADER | |
|---|---|
| fixed length control field | 00471nam a22001577a 4500 |
| 008 - FIXED-LENGTH DATA ELEMENTS--GENERAL INFORMATION | |
| fixed length control field | 260106b |||||||| |||| 00| 0 eng d |
| 020 ## - INTERNATIONAL STANDARD BOOK NUMBER | |
| International Standard Book Number | 978-81-19364-94-7 |
| 100 ## - MAIN ENTRY--PERSONAL NAME | |
| Personal name | WINSTON, WAYNE L. |
| 245 ## - TITLE STATEMENT | |
| Title | MICROSOFT EXCEL DATA ANALYSIS AND BUSINESS MODELING |
| Remainder of title | OFFICE 2021 AND MICROSOFT 365 |
| 250 ## - EDITION STATEMENT | |
| Edition statement | 7TH ED |
| 260 ## - PUBLICATION, DISTRIBUTION, ETC. | |
| Place of publication, distribution, etc. | DELHI |
| Name of publisher, distributor, etc. | PHI LEARNING |
| Date of publication, distribution, etc. | 2022 |
| 300 ## - PHYSICAL DESCRIPTION | |
| Extent | XXX, 1128P. |
| 650 ## - SUBJECT ADDED ENTRY | |
| Topical term or geographic name entry element | MICROSOFT EXCEL (COMPUTER FILE) |
| 942 ## - ADDED ENTRY ELEMENTS (KOHA) | |
| Source of classification or shelving scheme | Library of Congress Classification |
| Koha item type | Long Loan Book |
| Withdrawn status | Lost status | Source of classification or shelving scheme | Damaged status | Not for loan | Collection | Home library | Current library | Shelving location | Date acquired | Inventory number | Total checkouts | Full call number | Barcode | Date last seen | Copy number | Price effective from | Koha item type |
|---|---|---|---|---|---|---|---|---|---|---|---|---|---|---|---|---|---|
| Library of Congress Classification | Science & Technology | Kisii University Library | Kisii University Library | On Display | 01/06/2026 | 110440 | HF 5548.4 .M523W56 2022 | 000000017718 | 01/06/2026 | C.1 | 01/06/2026 | Long Loan Book | |||||
| Library of Congress Classification | Science & Technology | Kisii University Library | Kisii University Library | On Display | 01/06/2026 | 110441 | HF 5548.4 .M523W56 2022 | 000000017717 | 01/06/2026 | C.2 | 01/06/2026 | Long Loan Book | |||||
| Library of Congress Classification | Science & Technology | Kisii University Library | Kisii University Library | On Display | 01/06/2026 | 110442 | HF 5548.4 .M523W56 2022 | 000000017716 | 01/06/2026 | C.3 | 01/06/2026 | Long Loan Book | |||||
| Library of Congress Classification | Science & Technology | Kisii University Library | Kisii University Library | On Display | 01/06/2026 | 110443 | HF 5548.4 .M523W56 2022 | 000000017715 | 01/06/2026 | C.4 | 01/06/2026 | Long Loan Book |